| 000 | 00695nam a22001817a 4500 | ||
|---|---|---|---|
| 999 |
_c21043 _d21043 |
||
| 003 | AR-CdUCM | ||
| 008 | 190725b ||||| |||| 00| 0 spa d | ||
| 040 |
_aMUNICIPALIDAD PROVINCIAL DEL CUSCO _cBIBLIOTECA MUNICIPAL DEL CUSCO |
||
| 082 |
_a305.23 / _bP46 |
||
| 110 |
_aUNICEF _99438 |
||
| 245 |
_aPerú case study _ba human rights approach / |
||
| 260 |
_aLima : _bUNICEF, _c2002. |
||
| 300 |
_a56 páginas ; _bilustraciones ; _c24 cm. |
||
| 500 | _aTexto en ingles | ||
| 505 | _aContenido : Human rights in the united nations -- Over a decade of national processes to promote -- Characteristics of an UNICEF cooperation programme based on human rights | ||
| 942 |
_2ddc _cLIBROS |
||
| 945 | _azta | ||